Sobre álgebras de Hilbert /

Guardado en:
Autor Principal: Diego, Antonio.
Autor Corporativo: Instituto de Matemática. INMABB. UNS. CONICET.
Formato: Libro
Idioma:Spanish
Publicado: Bahía Blanca : Instituto de Matemática, Universidad Nacional del Sur, 1961 [1965]
Series:Notas de lógica matemática, 12
Notas de lógica matemática (Instituto de Matemática, Universidad Nacional del Sur) ; 12
Acceso en línea:Texto escaneado (PDF)
Etiquetas: Agregar Etiqueta
Sin Etiquetas, Sea el primero en etiquetar este registro!
LEADER 00940nam a2200193 a 4500
001 MAT.inmabb006433
008 101206s1961####ag#a#####b###f000#0#spa##
005 20151229092054.0
245 1 0 |a Sobre álgebras de Hilbert /  |c por Antonio Diego. 
260 |a Bahía Blanca :  |b Instituto de Matemática, Universidad Nacional del Sur,  |c 1961 [1965] 
300 |a 89 p. :  |b il. ;  |c 27 cm. 
440 0 |a Notas de lógica matemática,  |x 0078-2017 ;  |v 12 
500 |a "Tesis presentada en la Facultad de Ciencias Exactas y Naturales de la Universidad de Buenos Aires en diciembre de 1961". 
504 |a Incluye referencias bibliográficas (p. 86-89). 
100 1 |a Diego, Antonio. 
710 2 |a Instituto de Matemática. INMABB. UNS. CONICET. 
830 0 |a Notas de lógica matemática (Instituto de Matemática, Universidad Nacional del Sur) ;  |v 12 
856 4 1 |u http://inmabb-conicet.gob.ar/publicaciones/nlm/nlm12.pdf  |y Texto escaneado (PDF) 
859 |b BIB. MATEMATICA